All AC Milan 2022-2023 Scorers - Statistics

General Stats
  • This quiz has been taken 59 times
  • The average score is 15 of 18
Answer Stats
Nationality Goals Player % Correct
England 1 (Serie A) Fikayo Tomori
100%
France 18 (Serie A-UCL) Olivier Giroud
100%
Portugal 16 (Serie A-UCL) Rafael Leao
100%
France 4 (Serie A) Theo Hernandez
100%
Spain 7 (Serie A-UCL) Brahim Diaz
96%
Algeria 3 (Serie A-UCL) Ismael Bennacer
94%
Sweden 1 (Serie A) Zlatan Ibrahimovic
92%
Belgium 4 (Serie A-UCL) Alexis Saelemaekers
90%
Italy 1 (Serie A) Davide Calabria
90%
Brazil 6 (Serie A-UCL) Junior Messias
88%
Croatia 3 (Serie A) Ante Rebic
85%
Bosnia 1 (UCL) Rade Krunic
85%
Italy 2 (Serie A) Sandro Tonali
85%
France 1 (Serie A) Pierre Kalulu
83%
Belgium 2 (Serie A) Divock Origi
75%
Italy 3 (Serie A-UCL) Tommaso Pobega
65%
Italy 1 (UCL) Matteo Gabbia
56%
France 1 (Serie A) Fodé Ballo-Touré
40%
No matching quizzes found
Score Distribution
Percent of People with Each Score
Percentile by Number Answered
Your Score History
You have not taken this quiz